| 000 | 00703cam a22002293a 4500 | ||
|---|---|---|---|
| 001 | 19655 | ||
| 003 | PGUSA | ||
| 005 | 20140828083421.0 | ||
| 008 | 061029s2006||||xxu|||||s|||||000 | eng d | ||
| 040 |
_aPGUSA _beng |
||
| 042 | _adc | ||
| 050 | 4 | _aD501 | |
| 100 | 1 |
_aHall, James Norman, _d1887-1951 |
|
| 245 | 1 | 0 |
_aKitchener's Mob : _bAdventures of an American in the British Army _h[electronic resource] / _cJames Norman Hall |
| 260 |
_bProject Gutenberg, _c2006 |
||
| 506 | _aPublic domain in the USA. | ||
| 516 | _aElectronic text | ||
| 653 | _aWorld War, 1914-1918 -- Personal narratives | ||
| 830 | 0 |
_aProject Gutenberg _v19655 |
|
| 856 | 4 | 0 | _uhttp://www.gutenberg.org/ebooks/19655 |
| 942 | _cEB | ||
| 999 |
_c248910 _d248910 |
||